000 00504cam a22001932a 4500
001 016242
003 AR-FADEU
008 311216n1969####xxu####################dd
092 _a425.076
_bM158fo
100 _aMackin, Ronald
245 _aExercises in english patterns and usage : 5 forms of words, derivation
260 _aLondon
260 _bOxford University
260 _c1969
300 _a69 p
650 _a/LINGUISTICA/INGLES-GRAMATICA/REVISADO/
546 _aInglés
942 _cBDGR
999 _c21999
_d21999